000 00708nam a22002537a 4500
003 CHAP
005 20220329141606.0
008 971013s1901 r 00010 d
010 _a70650
011 _a71622
035 _a81176
040 _cCHAP
082 _a634.81
_bH5
245 _aCalidad de los espíritus extraídos de los vinos
260 _aMéxico, D. F. :
_b(s.e),
_c1901
300 _app.(411-416)
501 _aEnc. con otros impresos similares
590 _aBATCH-UPD
_b10
_c20130110
_lUCH01
_h2108
590 _aCONVERSION
_b10
_c20130109
_lUCH01
_h1339
650 1 4 _aAguardiente.
_92576
901 _aBK
942 _cLIBRO
949 _a634.81 H5
_bBC
_cBPP
_d-34375
_eBPP
_h23370
_i81176
_si
999 _c70650
_d70650